[Event "Landesklasse Ost 2014/2015"]
[Site "?"]
[Date "2014.11.23"]
[Round "4"]
[White "Kretzschmar, Bernd"]
[Black "Nestler, Klaus"]
[Result "1-0"]
[WhiteElo "1821"]
[BlackElo "1487"]
[PlyCount "53"]
[EventDate "2014.??.??"]

1. e4 e6 2. d4 d5 3. e5 c5 4. c3 cxd4 5. cxd4 Nc6 6. Nf3 Bb4+ 7. Nc3 Nge7 8. a3
Bxc3+ 9. bxc3 O-O 10. Bd3 Qc7 11. O-O Na5 12. Ng5 g6 13. Bd2 Nc4 14. Bc1 Bd7
15. a4 Rfc8 16. Qf3 Be8 17. Qh3 h5 18. g4 Kf8 19. Nh7+ Kg7 20. gxh5 Nf5 21.
hxg6 fxg6 22. Nf6 Kf8 23. Qh8+ Ke7 24. Bxc4 Qxc4 25. Ba3+ Kd8 26. Qxe8+ Kc7 27.
Qf7+ 1-0

[Event "Landesklasse Ost 2014/2015"]
[Site "?"]
[Date "2014.11.23"]
[Round "4"]
[White "Schmidt, Frank"]
[Black "Walther, Thomas"]
[Result "0-1"]
[WhiteElo "1384"]
[BlackElo "1830"]
[PlyCount "114"]
[EventDate "2014.??.??"]

1. d4 d5 2. e3 e6 3. Nf3 f5 4. Nbd2 Nf6 5. c4 c6 6. Bd3 Bd6 7. h3 Nbd7 8. b3
Ne4 9. Bb2 Ndf6 10. Bxe4 Nxe4 11. O-O O-O 12. Ne5 Bd7 13. f3 Nxd2 14. Qxd2 Be8
15. c5 Bc7 16. f4 Bh5 17. Nf3 Qe7 18. Rf2 Kh8 19. Kh1 Rg8 20. Rg1 Bxf3 21. Rxf3
g5 22. g4 fxg4 23. hxg4 gxf4 24. exf4 Qh4+ 25. Qh2 Rxg4 26. Rh3 Rxg1+ 27. Kxg1
Qe1+ 28. Kg2 Qe2+ 29. Kg1 Rg8+ 30. Rg3 Rxg3+ 31. Qxg3 Qxb2 32. Qe3 Qb1+ 33. Kh2
Qf5 34. Kg1 Bxf4 35. Qe2 Bg3 36. Kg2 Qf2+ 37. Qxf2 Bxf2 38. Kxf2 Kg7 39. Kf3
Kf6 40. Kf4 e5+ 41. dxe5+ Ke6 42. a4 h5 43. b4 h4 44. b5 a6 45. Kg4 Kxe5 46.
Kxh4 axb5 47. axb5 cxb5 48. Kg4 b4 49. Kg5 b3 50. Kg6 b2 51. Kf7 b1=Q 52. Ke7
Qh7+ 53. Kd8 d4 54. Kc8 Kd5 55. Kb8 Kc6 56. Ka7 b6+ 57. Ka6 Qb7# 0-1

[Event "Landesklasse Ost 2014/2015"]
[Site "?"]
[Date "2014.12.21"]
[Round "5"]
[White "Vogel, Steffen"]
[Black "Kosowski, Todor"]
[Result "0-1"]
[WhiteElo "1779"]
[BlackElo "2139"]
[PlyCount "82"]
[EventDate "2014.??.??"]

1. d4 d5 2. c4 e6 3. Nc3 Nf6 4. Bg5 Be7 5. e3 O-O 6. Qc2 b6 7. cxd5 exd5 8. Nf3
Bb7 9. Bd3 h6 10. Bxf6 Bxf6 11. h4 c5 12. O-O-O Nc6 13. Be2 cxd4 14. exd4 Rc8
15. Kb1 Re8 16. g4 g6 17. Qd2 Bg7 18. g5 h5 19. Rhe1 a6 20. Bf1 Rxe1 21. Rxe1
b5 22. Bg2 Qd6 23. Ne2 Re8 24. Rd1 Bc8 25. Nf4 Re4 26. Nxd5 Qxd5 27. Ng1 Bf5
28. Bxe4 Qxe4+ 29. Ka1 Nxd4 30. Rc1 Nc2+ 31. Kb1 Qxh4 32. Rxc2 Qh1 33. Qd1 Bd4
34. Kc1 Bxc2 35. Kxc2 Qe4+ 36. Kb3 Qd5+ 37. Kc2 Qc4+ 38. Kb1 Bxf2 39. Qd8+ Kh7
40. Qd1 Qe4+ 41. Ka1 Qe1 0-1

[Event "Landesklasse Ost 2014/2015"]
[Site "?"]
[Date "2014.12.21"]
[Round "5"]
[White "Buring, Matthias"]
[Black "Reichardt, Albert"]
[Result "1-0"]
[WhiteElo "2058"]
[BlackElo "1720"]
[PlyCount "69"]
[EventDate "2014.??.??"]

1. e4 c5 2. Nf3 Nc6 3. d4 cxd4 4. c3 dxc3 5. Nxc3 g6 6. Bc4 Bg7 7. O-O Nf6 8.
Qe2 O-O 9. Rd1 Qa5 10. Nd5 Nxd5 11. exd5 Nb4 12. Qxe7 b5 13. Bb3 Na6 14. Ng5
Bb7 15. d6 Qb6 16. Be3 Qc6 17. Bd5 Qxd5 18. Rxd5 Bxd5 19. Ne4 f5 20. Ng5 Bf7
21. Qxd7 Rad8 22. Qxb5 Rxd6 23. Nxf7 Rxf7 24. g3 Nc7 25. Qb8+ Bf8 26. Bc5 Na6
27. Qxd6 Bxd6 28. Bxd6 Rd7 29. Be5 Nc5 30. Rc1 Nd3 31. Rc8+ Kf7 32. Bc3 Ke6 33.
a4 Kd5 34. Kg2 Re7 35. Rd8+ 1-0

[Event "Landesklasse Ost 2014/2015"]
[Site "?"]
[Date "2014.12.21"]
[Round "5"]
[White "Mitter, Frank"]
[Black "Sauer, Marko"]
[Result "0-1"]
[WhiteElo "1752"]
[BlackElo "2009"]
[PlyCount "98"]
[EventDate "2014.??.??"]

1. d4 d5 2. c4 e6 3. Nc3 c6 4. e3 Nf6 5. Nf3 Bd6 6. Bd3 Nbd7 7. O-O O-O 8. Qc2
a5 9. a4 h6 10. h3 Re8 11. Rd1 b6 12. Bd2 Ba6 13. cxd5 Bxd3 14. Qxd3 exd5 15.
Rac1 Ne4 16. Be1 Re6 17. Nd2 Ndf6 18. Ndxe4 dxe4 19. Qc2 Ra7 20. Qb3 Rd7 21.
Rc2 Bb8 22. Rdc1 Qc7 23. g3 Qb7 24. Rd1 Nd5 25. Nxd5 Rxd5 26. Rc5 Rd7 27. Rc2
Red6 28. Rdc1 Rg6 29. Rc4 h5 30. h4 Bd6 31. Rxc6 Rc7 32. Rxc7 Bxc7 33. Bxa5 Bd8
34. Kh1 Qd7 35. Be1 Qh3+ 36. Kg1 Bxh4 37. Qc3 f5 38. Qc8+ Kh7 39. Rc6 Bf6 40.
Qb8 h4 41. Rc8 Rh6 42. Rh8+ Kg6 43. Rxh6+ Kxh6 44. Qxb6 Qg4 45. Qd6 Qe2 46. Qb4
h3 47. Qd6 Qxe1+ 48. Kh2 Qf1 49. Qf4+ g5 0-1

[Event "Landesklasse Ost 2014/2015"]
[Site "?"]
[Date "2014.12.21"]
[Round "5"]
[White "Jank, Kevin"]
[Black "Petigk, Falk"]
[Result "1-0"]
[WhiteElo "1740"]
[BlackElo "1697"]
[PlyCount "69"]
[EventDate "2014.??.??"]

1. d4 f5 2. e3 Nf6 3. Bd3 g6 4. Nd2 Bg7 5. f4 d6 6. Ngf3 O-O 7. Nf1 c5 8. Ng3
Qc7 9. Qe2 Nc6 10. dxc5 Qa5+ 11. Bd2 Qxc5 12. O-O-O Nb4 13. Bc4+ d5 14. Bb3 a5
15. a3 Nc6 16. Bc3 b5 17. Bxf6 Bxf6 18. Rxd5 Qa7 19. Rd7+ Kg7 20. Rxa7 Rxa7 21.
e4 fxe4 22. Nxe4 Nd4 23. Qe3 Nxb3+ 24. Qxb3 Rc7 25. Nxf6 Rxf6 26. Qxb5 Rf5 27.
Qe2 Rfc5 28. c3 Bg4 29. h3 Bxf3 30. gxf3 Kf7 31. Rd1 R7c6 32. Qe3 Rc4 33. f5
gxf5 34. Rd8 f4 35. Qd3 1-0

[Event "Landesklasse Ost 2014/2015"]
[Site "?"]
[Date "2014.12.21"]
[Round "5"]
[White "Latka, Richard"]
[Black "Widmann, Benjamin"]
[Result "1/2-1/2"]
[WhiteElo "1697"]
[BlackElo "1832"]
[PlyCount "101"]
[EventDate "2014.??.??"]

1. e4 c5 2. Nf3 Nc6 3. Bb5 Nf6 4. Nc3 d6 5. e5 Ng4 6. exd6 exd6 7. d4 Qe7+ 8.
Qe2 Bd7 9. Ne4 O-O-O 10. Bf4 Re8 11. Nfd2 Nxd4 12. Bxd6 Qxd6 13. Nxd6+ Bxd6 14.
Ne4 Nxb5 15. O-O-O Bf4+ 16. Kb1 Nd4 17. Qc4 Rxe4 18. Qxc5+ Nc6 19. Rxd7 Kxd7
20. Qf5+ Re6 21. Qxf4 Nf6 22. Rd1+ Kc8 23. Qg5 g6 24. c3 Rd8 25. Rxd8+ Kxd8 26.
Qd2+ Ke7 27. f3 Nh5 28. Kc1 Kf8 29. Kd1 Re8 30. Qd6+ Kg8 31. Qc7 Re7 32. Qc8+
Kg7 33. g3 Nf6 34. Qh3 Ne5 35. Qg2 Nc4 36. Qf2 Ne3+ 37. Kc1 Nfd5 38. c4 Nb4 39.
Qd2 a5 40. a3 Nxc4 41. Qc3+ Ne5 42. axb4 axb4 43. Qd4 f6 44. Qd6 Rd7 45. Qe6
Nd3+ 46. Kc2 Nc5 47. Qb6 b3+ 48. Kc1 Nd3+ 49. Kd2 Nxb2+ 50. Ke2 Rd2+ 51. Kf1
1/2-1/2

[Event "Landesklasse Ost 2014/2015"]
[Site "?"]
[Date "2014.12.21"]
[Round "5"]
[White "Zeising, Benjamin"]
[Black "Gulich, Wolfgang"]
[Result "1-0"]
[WhiteElo "1799"]
[BlackElo "1768"]
[PlyCount "59"]
[EventDate "2014.??.??"]

1. Nc3 e5 2. e4 Nf6 3. f4 d5 4. fxe5 Nxe4 5. Nf3 Be7 6. d4 O-O 7. Bd3 Nxc3 8.
bxc3 Bg4 9. O-O f6 10. Qe1 fxe5 11. Nxe5 Rxf1+ 12. Qxf1 Be6 13. Qe2 Nd7 14. Nc6
bxc6 15. Qxe6+ Kh8 16. Qxc6 Nf6 17. Bf4 Bd6 18. Bg5 h6 19. Bxf6 gxf6 20. Rf1
Rb8 21. g3 Be7 22. Qe6 Qf8 23. Re1 Bd6 24. Qxd5 Re8 25. Rf1 Qg7 26. Qf5 Bxg3
27. hxg3 Qxg3+ 28. Kh1 Qh4+ 29. Kg2 Rg8+ 30. Kf3 1-0

[Event "Landesklasse Ost 2014/2015"]
[Site "?"]
[Date "2014.12.21"]
[Round "5"]
[White "Gebuhr, Günter"]
[Black "Schätz, Bianca"]
[Result "1/2-1/2"]
[WhiteElo "1770"]
[BlackElo "1826"]
[PlyCount "77"]
[EventDate "2014.??.??"]

1. e4 c5 2. Nf3 Nc6 3. d4 cxd4 4. Nxd4 g6 5. Nc3 Bg7 6. Be3 Nf6 7. Be2 O-O 8.
O-O d5 9. exd5 Nxd5 10. Nxd5 Qxd5 11. Bf3 Qc4 12. Nxc6 bxc6 13. c3 Bf5 14. Qb3
Qa6 15. a4 e5 16. Rfe1 Rab8 17. Qa3 Qb7 18. Bc5 Rfe8 19. b4 Rbd8 20. Rad1 e4
21. Be2 a6 22. Bc4 Rxd1 23. Rxd1 Bg4 24. Re1 Bc8 25. f3 Qd7 26. fxe4 Qd2 27.
Rf1 Rxe4 28. Bxf7+ Kh8 29. Qc1 Qxc3 30. Qxc3 Bxc3 31. Ba2 Bf5 32. Bb1 Re1 33.
Bxf5 Rxf1+ 34. Kxf1 gxf5 35. Ke2 Be5 36. h3 Kg7 37. Kd3 Kf7 38. Kc4 Bc7 39. Bf2
1/2-1/2

[Event "Landesklasse Ost 2014/2015"]
[Site "?"]
[Date "2014.12.21"]
[Round "5"]
[White "Marufke, Kai"]
[Black "Walther, Gerd"]
[Result "1/2-1/2"]
[WhiteElo "1846"]
[BlackElo "1774"]
[PlyCount "66"]
[EventDate "2014.??.??"]

1. e4 c5 2. f4 e6 3. Nf3 Nc6 4. Nc3 a6 5. Be2 Nd4 6. O-O Nxe2+ 7. Qxe2 Be7 8.
d3 Nf6 9. e5 Nd5 10. Nxd5 exd5 11. f5 O-O 12. f6 gxf6 13. Bh6 Re8 14. Nh4 d6
15. Qf3 Bf8 16. Bxf8 Rxf8 17. exf6 Kh8 18. Qh5 Be6 19. Rf4 Qd7 20. Nf3 Rg8 21.
Rh4 Bf5 22. Ng5 Rxg5 23. Qxg5 Rg8 24. Qf4 Qe6 25. Kh1 c4 26. Rf1 Bg6 27. Rg4
cxd3 28. cxd3 Qe2 29. Rg3 Re8 30. h3 Rg8 31. Re3 Qxb2 32. Rfe1 Bxd3 33. Qg5 Be4
1/2-1/2

[Event "Landesklasse Ost 2014/2015"]
[Site "?"]
[Date "2014.12.21"]
[Round "5"]
[White "Sack, Matthias"]
[Black "Anschütz, Mario"]
[Result "1-0"]
[WhiteElo "1963"]
[BlackElo "1860"]
[PlyCount "51"]
[EventDate "2014.??.??"]
[WhiteTeam "SV Hermsdorf"]
[BlackTeam "SSV Vimaria 91 Weimar"]

1. e4 e6 2. d4 d5 3. Nd2 f5 4. exf5 exf5 5. Bd3 Nf6 6. Ngf3 Bd6 7. O-O O-O 8.
c4 c6 9. Ne5 Qe8 10. Ndf3 Nbd7 11. Re1 Qh5 12. Qb3 h6 13. Bd2 a5 14. cxd5 a4
15. Qc2 cxd5 16. a3 Ne4 17. Bb4 Rf6 18. Bxd6 Nxd6 19. Qc7 Nf8 20. Qc5 g5 21.
Qxd5+ Kh8 22. Nc4 Nf7 23. Re7 Rb8 24. Nfe5 Be6 25. Nxf7+ Bxf7 26. Qe5 1-0

[Event "Landesklasse Ost 2014/2015"]
[Site "?"]
[Date "2014.12.21"]
[Round "5"]
[White "Latka, Robert"]
[Black "Hadlich, Gerald"]
[Result "0-1"]
[WhiteElo "1818"]
[BlackElo "1735"]
[PlyCount "138"]
[EventDate "2014.??.??"]
[WhiteTeam "SSV Vimaria 91 Weimar"]
[BlackTeam "SV Hermsdorf"]

1. e4 e6 2. d4 d5 3. Nd2 Nf6 4. e5 Nfd7 5. Bd3 c5 6. c3 Nc6 7. Ndf3 cxd4 8.
cxd4 f6 9. exf6 Nxf6 10. Ne2 Bd6 11. O-O O-O 12. Bg5 Qc7 13. Rc1 Ng4 14. h3
Rxf3 15. gxf3 Nh2 16. Kg2 Nxf1 17. Qxf1 Qf7 18. Bh4 e5 19. Bg3 Qh5 20. Qh1 Be6
21. Bb5 Ne7 22. dxe5 Bxe5 23. Bxe5 Qxe5 24. Qd1 Nf5 25. Ng1 Nh4+ 26. Kh1 Rc8
27. Rxc8+ Bxc8 28. Qe2 Qxe2 29. Bxe2 g5 30. Kh2 Nf5 31. Bd3 Kg7 32. Ne2 Kf6 33.
f4 gxf4 34. Nxf4 Ke5 35. Ne2 h6 36. f4+ Kd6 37. Kg2 Kc5 38. Kf3 Nd4+ 39. Nxd4
Kxd4 40. Bf1 Bf5 41. h4 h5 42. Bb5 Bg4+ 43. Kg3 Ke4 44. Be8 d4 45. Bg6+ Ke3 46.
f5 d3 47. f6 d2 48. Bc2 Be6 49. Bd1 Bf7 50. a3 b6 51. Kg2 Ke4 52. Kf2 Kf4 53.
Ke2 Kg3 54. Kxd2 Kxh4 55. Ke3 Kg5 56. Ke4 Kxf6 57. Kf4 Ke7 58. Ke5 h4 59. a4
Be6 60. a5 h3 61. Bf3 h2 62. Bc6 Bd7 63. Bd5 Bb5 64. Bg2 Kd7 65. Kf4 Bc6 66.
Kg3 Bxg2 67. Kxg2 Kc6 68. Kxh2 Kb5 69. a6 Kxa6 0-1

[Event "Landesklasse Ost 2014/2015"]
[Site "?"]
[Date "2014.12.21"]
[Round "5"]
[White "Bülau, Daniel"]
[Black "Philipp, Mathias"]
[Result "1/2-1/2"]
[WhiteElo "1617"]
[BlackElo "1745"]
[PlyCount "57"]
[EventDate "2014.??.??"]
[WhiteTeam "SV Hermsdorf"]
[BlackTeam "SSV Vimaria 91 Weimar"]

1. e4 e5 2. Nf3 Nc6 3. Bc4 Bc5 4. c3 Nf6 5. d4 exd4 6. cxd4 Bb4+ 7. Nc3 Nxe4 8.
O-O Bxc3 9. d5 Bf6 10. Re1 Ne7 11. Rxe4 d6 12. Bg5 Bxg5 13. Nxg5 h6 14. Qe2
hxg5 15. Re1 Be6 16. dxe6 f6 17. Re3 d5 18. Rh3 Rxh3 19. gxh3 g6 20. Qf3 f5 21.
Qc3 d4 22. Qb3 c6 23. Qxb7 Rb8 24. Qxa7 Rxb2 25. Qc5 Qb6 26. Qe5 Kd8 27. Qd6+
Ke8 28. Qe5 Kd8 29. Qd6+ 1/2-1/2

[Event "Landesklasse Ost 2014/2015"]
[Site "?"]
[Date "2014.12.21"]
[Round "5"]
[White "Scheitz, Michael"]
[Black "Pietzsch, Gerhard"]
[Result "1/2-1/2"]
[WhiteElo "1915"]
[BlackElo "1821"]
[PlyCount "147"]
[EventDate "2014.??.??"]
[WhiteTeam "SSV Vimaria 91 Weimar"]
[BlackTeam "SV Hermsdorf"]

1. d4 Nf6 2. c4 g6 3. g3 d5 4. cxd5 Nxd5 5. Bg2 Bg7 6. Nf3 O-O 7. O-O c6 8. h3
Nd7 9. e4 N5b6 10. Nc3 c5 11. d5 Nc4 12. Qe2 Nce5 13. Nd2 c4 14. Nxc4 Nxc4 15.
Qxc4 Nb6 16. Qb3 e6 17. Be3 exd5 18. exd5 Bd7 19. Rad1 Qc8 20. Kh2 Nc4 21. Bd4
Bxd4 22. Rxd4 Nd6 23. Rc1 Qc5 24. Ne2 Qa5 25. Qb4 Qxb4 26. Rxb4 Rac8 27. Rxc8
Rxc8 28. Nc3 f5 29. Bf1 Rc5 30. Kg2 b6 31. Kf3 Kg7 32. Ke3 Kf6 33. Rh4 h5 34.
Rd4 Rc8 35. h4 Re8+ 36. Kf4 Re1 37. Rd1 Re8 38. Bd3 Rc8 39. Rc1 Re8 40. Rc2 b5
41. Nd1 Rc8 42. Rxc8 Nxc8 43. Ne3 Nb6 44. b3 Be8 45. Bf1 Nc8 46. Nc2 Nd6 47.
Nd4 Bd7 48. Nf3 Bc8 49. Ke3 Bd7 50. Kd4 Nb7 51. b4 Be8 52. Nd2 a5 53. bxa5 Nxa5
54. Kc5 Nb7+ 55. Kb6 Nd6 56. Nf3 Bf7 57. Kc5 Ke7 58. Ne5 Nb7+ 59. Kd4 Be8 60.
Be2 Kd6 61. f3 Nc5 62. Nd3 Nd7 63. Nb4 Nb6 64. a3 Bd7 65. Bd3 Be8 66. Bf1 Bd7
67. Be2 Be8 68. g4 fxg4 69. fxg4 hxg4 70. Bxg4 Nc4 71. Nc2 Nb6 72. Be6 Na8 73.
Nb4 Nc7 74. Bg8 1/2-1/2

[Event "Landesklasse Ost 2014/2015"]
[Site "?"]
[Date "2014.12.21"]
[Round "5"]
[White "Schulz, Phillip"]
[Black "Gräf, Michael"]
[Result "1/2-1/2"]
[WhiteElo "1746"]
[BlackElo "1861"]
[PlyCount "91"]
[EventDate "2014.??.??"]
[WhiteTeam "SV Hermsdorf"]
[BlackTeam "SSV Vimaria 91 Weimar"]

1. d4 d5 2. Nf3 Nf6 3. g3 e6 4. Bg2 Bd6 5. O-O Nbd7 6. c4 c6 7. Nc3 O-O 8. Nd2
Bb4 9. e4 Bxc3 10. bxc3 e5 11. cxd5 cxd5 12. exd5 exd4 13. cxd4 Nb6 14. Ba3 Re8
15. d6 Rb8 16. d5 Nbxd5 17. Nb3 Be6 18. Nd4 Qd7 19. Nxe6 fxe6 20. Rc1 b5 21.
Bc5 a5 22. f4 b4 23. Re1 Nc3 24. Qd2 Rbc8 25. Bb6 Nfd5 26. Bxd5 Nxd5 27. Bc5
Nc3 28. Bd4 Nd5 29. Bc5 Rc6 30. f5 Nf6 31. fxe6 Rxe6 32. Rxe6 Qxe6 33. Re1 Qc8
34. Bf2 Qd7 35. Rd1 Kh8 36. Qf4 h6 37. Qe5 Qg4 38. Qe1 Nd7 39. Rd4 Qg6 40. Qe7
Rc1+ 41. Kg2 Qf5 42. g4 Qb5 43. Qe8+ Kh7 44. Qe4+ Kh8 45. Qe8+ Kh7 46. Qe4+
1/2-1/2

[Event "Landesklasse Ost 2014/2015"]
[Site "?"]
[Date "2014.12.21"]
[Round "5"]
[White "Weiß, Thomas"]
[Black "Pietsch, Karsten"]
[Result "1-0"]
[WhiteElo "1893"]
[BlackElo "1730"]
[PlyCount "51"]
[EventDate "2014.??.??"]
[WhiteTeam "SSV Vimaria 91 Weimar"]
[BlackTeam "SV Hermsdorf"]

1. d4 d5 2. c4 c6 3. Nf3 Nf6 4. Nc3 e6 5. e3 a6 6. Bd3 dxc4 7. Bxc4 b5 8. Bd3
Bb7 9. O-O c5 10. dxc5 Bxc5 11. Qe2 Qc7 12. e4 Nbd7 13. Bg5 h6 14. Bh4 e5 15.
Rac1 Qd6 16. Rfd1 Qe6 17. Bxf6 Qxf6 18. Nxb5 O-O 19. Nc7 Ra7 20. Nxa6 Bxa6 21.
Bxa6 Bxf2+ 22. Kxf2 Rxa6 23. Rxd7 Rxa2 24. Rb7 g5 25. h3 h5 26. Qd2 1-0

[Event "Landesklasse Ost 2014/2015"]
[Site "?"]
[Date "2014.12.21"]
[Round "5"]
[White "Plontke, Ingo"]
[Black "Sperhake, Franz"]
[Result "1-0"]
[WhiteElo "1881"]
[BlackElo "1552"]
[PlyCount "157"]
[EventDate "2014.??.??"]
[WhiteTeam "SSV Vimaria 91 Weimar"]
[BlackTeam "SV Hermsdorf"]

1. Nf3 d5 2. g3 Nf6 3. Bg2 Nbd7 4. d3 e5 5. O-O Bd6 6. Nbd2 O-O 7. e4 dxe4 8.
dxe4 Nc5 9. Qe2 Bg4 10. c3 Qe7 11. h3 Bxf3 12. Bxf3 c6 13. Nc4 Bc7 14. Ne3 g6
15. Ng4 Nxg4 16. Bxg4 Rfd8 17. Be3 Nxe4 18. Bf3 Nc5 19. h4 Bb6 20. h5 e4 21.
hxg6 exf3 22. gxh7+ Kxh7 23. Qxf3 Rd5 24. c4 Rd6 25. b4 Ne4 26. c5 Rg6 27. cxb6
axb6 28. Kg2 Rh8 29. Rh1+ Kg8 30. Rxh8+ Kxh8 31. Rh1+ Kg8 32. Qh5 Qf6 33. Qh7+
Kf8 34. Qh8+ Qxh8 35. Rxh8+ Ke7 36. Bxb6 Nc3 37. Rb8 Nxa2 38. Rxb7+ Ke6 39. Bc5
Rf6 40. f4 Kd5 41. Kf3 Nc3 42. Rd7+ Kc4 43. Rd4+ Kb5 44. g4 Nd5 45. f5 Rh6 46.
g5 Rh3+ 47. Kg4 Rh1 48. g6 fxg6 49. fxg6 Rg1+ 50. Kh5 Rh1+ 51. Kg5 Rg1+ 52. Rg4
Re1 53. g7 Re8 54. Bf8 Re5+ 55. Kh4 Nf6 56. g8=Q Nxg8 57. Rxg8 Re8 58. Rg5+ Ka4
59. Rf5 Re4+ 60. Kg3 Re3+ 61. Kf2 Rc3 62. Ke2 Rc2+ 63. Kd3 Rh2 64. Kc3 Rh3+ 65.
Kd4 Rh4+ 66. Ke5 Rc4 67. Rf4 Rc1 68. Bc5 Rh1 69. Rf8 Rh5+ 70. Kd6 Rh6+ 71. Kc7
Kb5 72. Rb8+ Kc4 73. Kb6 Kd5 74. Rd8+ Ke5 75. Bd4+ Ke4 76. Kc5 Rg6 77. Rd6 Rg2
78. Kxc6 Rd2 79. Bc5 1-0

[Event "Landesklasse Ost 2014/2015"]
[Site "?"]
[Date "2014.12.21"]
[Round "5"]
[White "Neubauer, Ralf"]
[Black "Rauhut, Frank"]
[Result "1/2-1/2"]
[WhiteElo "1918"]
[BlackElo "1862"]
[PlyCount "62"]
[EventDate "2014.??.??"]

1. Nf3 c5 2. c4 Nc6 3. g3 Nf6 4. Bg2 d5 5. cxd5 Nxd5 6. Nc3 g6 7. O-O Bg7 8.
Nxd5 Qxd5 9. d3 O-O 10. a3 Qd7 11. Rb1 a5 12. Bd2 a4 13. Bc3 e5 14. b4 e4 15.
Bxg7 exf3 16. Bxf8 fxg2 17. Kxg2 Kxf8 18. bxc5 Qd5+ 19. e4 Qxc5 20. Rc1 Qxa3
21. d4 Qd6 22. d5 Ne5 23. Qd4 Kg8 24. f4 Nc6 25. Qc4 Ne7 26. Rfd1 Bg4 27. Re1
Qa3 28. Rc3 Qb2+ 29. Rc2 Qa3 30. Rc3 Qb2+ 31. Rc2 Qa3 1/2-1/2

[Event "Landesklasse Ost 2014/2015"]
[Site "?"]
[Date "2014.12.21"]
[Round "5"]
[White "Skarus, Steffen"]
[Black "Seifert, Michael"]
[Result "0-1"]
[WhiteElo "1841"]
[BlackElo "1801"]
[PlyCount "70"]
[EventDate "2014.??.??"]

1. c4 Nf6 2. g3 g6 3. Bg2 Bg7 4. Nc3 O-O 5. d3 d6 6. e3 e5 7. Nge2 c6 8. O-O
Be6 9. b3 Ne8 10. d4 Qc7 11. Ba3 Qa5 12. Qc1 exd4 13. Nxd4 Nd7 14. Bb2 Ne5 15.
Nxe6 fxe6 16. Qc2 Nf3+ 17. Bxf3 Rxf3 18. Ne4 Bxb2 19. Qxb2 Qc7 20. Rad1 d5 21.
Ng5 Rf6 22. cxd5 exd5 23. Qd4 h6 24. Nh3 Qe7 25. Rfe1 Nd6 26. Nf4 g5 27. Ng2
Ne4 28. f4 a6 29. Rf1 Raf8 30. Ne1 Qe6 31. Kg2 Nd6 32. Nf3 Nf5 33. Qe5 Qxe5 34.
fxe5 Nxe3+ 35. Kg1 Rxf3 0-1

[Event "Landesklasse Ost 2014/2015"]
[Site "?"]
[Date "2014.12.21"]
[Round "5"]
[White "Bunke, Wilfried"]
[Black "Wagner, Günther"]
[Result "1/2-1/2"]
[WhiteElo "1906"]
[BlackElo "1790"]
[PlyCount "34"]
[EventDate "2014.??.??"]

1. d4 Nf6 2. c4 e6 3. Nc3 d5 4. Bg5 c5 5. cxd5 cxd4 6. Qxd4 Nc6 7. Bxf6 gxf6 8.
Qd2 exd5 9. e3 Be6 10. Nf3 Qa5 11. Nd4 Bb4 12. Be2 Rg8 13. O-O Bh3 14. f4 Bxg2
15. Rf2 Be4+ 16. Kf1 Nxd4 17. Qxd4 Bc5 1/2-1/2

[Event "Landesklasse Ost 2014/2015"]
[Site "?"]
[Date "2014.12.21"]
[Round "5"]
[White "Vater, Rainer"]
[Black "Richter, Sebastian"]
[Result "1-0"]
[WhiteElo "1809"]
[BlackElo "1742"]
[PlyCount "117"]
[EventDate "2014.??.??"]

1. e4 c6 2. d4 d5 3. e5 Bf5 4. Nc3 e6 5. g4 Bg6 6. Nge2 c5 7. Nf4 Nc6 8. Nxg6
hxg6 9. Be3 Qb6 10. Na4 Qa5+ 11. c3 c4 12. b4 Qc7 13. Nb2 Nxb4 14. cxb4 Bxb4+
15. Ke2 b5 16. a3 Ba5 17. Qc2 Ne7 18. Bg2 Rb8 19. h3 Kd7 20. Rhd1 Bb6 21. Kf1
a5 22. Rac1 Rhc8 23. Kg1 Nc6 24. f4 Qa7 25. Qf2 Ne7 26. Bf1 Qa6 27. Be2 Rc7 28.
Qf1 Rbc8 29. Kh2 Qb7 30. Kg3 Rh8 31. Bf3 Qc8 32. Be2 Qd8 33. Kh2 Rh7 34. Bf2
Qb8 35. Bf3 Rc8 36. Bg2 Qa7 37. Qg1 b4 38. axb4 axb4 39. Ra1 Qc7 40. Ra6 Rb8
41. Rda1 Rhh8 42. Na4 Rhc8 43. Qd1 Ke8 44. Bf1 c3 45. Qb3 Ba7 46. Nxc3 bxc3 47.
Bb5+ Kf8 48. Rxa7 Qb6 49. Rxe7 Qxb5 50. Qxb5 Rxb5 51. Raa7 Rbb8 52. Rxf7+ Kg8
53. Rxg7+ Kh8 54. Rgc7 c2 55. Be3 Rxc7 56. Rxc7 Rb2 57. Bc1 Rb4 58. Rxc2 Rxd4
59. Kg3 1-0

[Event "Landesklasse Ost 2014/2015"]
[Site "?"]
[Date "2014.12.21"]
[Round "5"]
[White "Jordan, Gunter"]
[Black "Asmykovich, Ihar"]
[Result "1-0"]
[WhiteElo "1875"]
[BlackElo "1696"]
[PlyCount "61"]
[EventDate "2014.??.??"]

1. d4 Nf6 2. c4 e6 3. Nc3 Bb4 4. Qc2 O-O 5. a3 Bxc3+ 6. Qxc3 d5 7. Bg5 b6 8. e3
dxc4 9. Nf3 h6 10. Bh4 g5 11. Bg3 Ne4 12. Qxc4 Nxg3 13. hxg3 Ba6 14. Qc2 Kg7
15. Rc1 Bxf1 16. Kxf1 Na6 17. Qc4 Qc8 18. b4 c5 19. dxc5 bxc5 20. b5 Nc7 21. a4
Nd5 22. Ke2 Nb6 23. Qc3+ f6 24. a5 Nd7 25. Qd3 Rd8 26. Qd6 Qb7 27. Qe7+ Kg6 28.
Rxh6+ Kf5 29. g4+ Ke4 30. Qxe6+ Ne5 31. Rc4+ 1-0

[Event "Landesklasse Ost 2014/2015"]
[Site "?"]
[Date "2014.12.21"]
[Round "5"]
[White "Jung, Florian"]
[Black "Schulz, Uwe"]
[Result "0-1"]
[WhiteElo "1682"]
[BlackElo "1773"]
[PlyCount "82"]
[EventDate "2014.??.??"]

1. Nf3 c5 2. e4 Nc6 3. Nc3 g6 4. d4 cxd4 5. Nxd4 Bg7 6. Be3 Nf6 7. Be2 O-O 8.
O-O d6 9. Nb3 Be6 10. f4 Qc8 11. h3 Nd8 12. Bf3 Bc4 13. Rf2 Nc6 14. Nd2 Ba6 15.
Nf1 Qc7 16. Rb1 Rac8 17. g4 b6 18. a4 Rfe8 19. Nh2 h6 20. h4 Na5 21. g5 Nh7 22.
Nd5 Qd8 23. f5 Nc4 24. Bd4 hxg5 25. Bxg7 Kxg7 26. fxg6 fxg6 27. hxg5 Ne5 28.
Bg4 Rc4 29. Qe1 Rf8 30. Rxf8 Qxf8 31. b3 Rxc2 32. Nb4 Rxh2 33. Kxh2 Nxg4+ 34.
Kg3 Bc8 35. Rc1 Ne5 36. Qh1 Nxg5 37. Rf1 Qg8 38. Nd5 Qe6 39. Qh4 Qh3+ 40. Qxh3
Bxh3 41. Rc1 Be6 0-1

[Event "Landesklasse Ost 2014/2015"]
[Site "?"]
[Date "2014.12.21"]
[Round "5"]
[White "Riedel, Hans-Joachim"]
[Black "Tran, Tan"]
[Result "1-0"]
[WhiteElo "1737"]
[BlackElo "831"]
[PlyCount "53"]
[EventDate "2014.??.??"]

1. e4 e5 2. Bc4 Nf6 3. d4 Bd6 4. dxe5 Bxe5 5. f4 Nc6 6. fxe5 Nxe5 7. Qe2 O-O 8.
Bg5 d6 9. Nf3 h6 10. Bxf6 Qxf6 11. Nc3 Bg4 12. O-O c6 13. Rad1 b5 14. Bd3 Rab8
15. Qe3 b4 16. Na4 Bd7 17. Nxe5 Qxe5 18. Qf4 Qd4+ 19. Qf2 Qe5 20. b3 c5 21. Kh1
c4 22. Bxc4 Qxe4 23. Qxa7 Bc6 24. Qf2 Rfe8 25. Bxf7+ Kh8 26. Bxe8 Rxe8 27. Rde1
1-0

[Event "Landesklasse Ost 2014/2015"]
[Site "?"]
[Date "2014.12.21"]
[Round "5"]
[White "Kube, Hannelore"]
[Black "Watzke, Birger"]
[Result "1/2-1/2"]
[WhiteElo "1825"]
[BlackElo "2153"]
[PlyCount "51"]
[EventDate "2014.??.??"]
[WhiteTeam "SV Medizin Erfurt"]
[BlackTeam "Schachzirkel Elstertal Langenberg"]

1. c4 e5 2. Nc3 Nc6 3. Nf3 f5 4. d4 e4 5. Ng5 Bb4 6. Nh3 Nf6 7. e3 Bxc3+ 8.
bxc3 d6 9. Nf4 O-O 10. Be2 b6 11. O-O Qe7 12. Ba3 Na5 13. Bb4 Nb7 14. Ba3 c5
15. Qd2 Na5 16. Nd5 Qf7 17. f3 Ba6 18. Nxf6+ gxf6 19. fxe4 fxe4 20. Rf4 Qe6 21.
Raf1 Bxc4 22. Bg4 Qe7 23. R1f2 Rad8 24. Bf5 Bd3 25. Qd1 Rf7 26. Qh5 1/2-1/2

[Event "Landesklasse Ost 2014/2015"]
[Site "?"]
[Date "2014.12.21"]
[Round "5"]
[White "Streit, Michael"]
[Black "Wohlleben, Manfred"]
[Result "1-0"]
[WhiteElo "1924"]
[BlackElo "1627"]
[PlyCount "57"]
[EventDate "2014.??.??"]
[WhiteTeam "Schachzirkel Elstertal Langenberg"]
[BlackTeam "SV Medizin Erfurt"]

1. e4 c5 2. Nf3 Nc6 3. Bc4 e6 4. Nc3 a6 5. a4 Nf6 6. O-O d6 7. d4 cxd4 8. Nxd4
Be7 9. Be3 O-O 10. Qe2 Bd7 11. Nxc6 bxc6 12. a5 Qc8 13. Na4 Bd8 14. Bb6 Qb7 15.
Rfd1 Be7 16. f4 Nxe4 17. Qxe4 d5 18. Qd3 c5 19. Qf3 Bc6 20. Bf1 Rfc8 21. Nxc5
Qxb6 22. axb6 Bxc5+ 23. Kh1 Bb7 24. f5 e5 25. Qg3 f6 26. Qb3 Kh8 27. Ra5 Rc6
28. Qxd5 Bxb6 29. Rxa6 1-0

[Event "Landesklasse Ost 2014/2015"]
[Site "?"]
[Date "2014.12.21"]
[Round "5"]
[White "Streit, Jürgen"]
[Black "Stumm, Rainer"]
[Result "1-0"]
[WhiteElo "1742"]
[BlackElo "1584"]
[PlyCount "49"]
[EventDate "2014.??.??"]
[WhiteTeam "Schachzirkel Elstertal Langenberg"]
[BlackTeam "SV Medizin Erfurt"]

1. e4 e6 2. Qe2 Bb4 3. a3 Ba5 4. b4 Bb6 5. Bb2 Nf6 6. e5 Ng8 7. c4 c5 8. Nc3 f5
9. Nb5 cxb4 10. Nd6+ Kf8 11. axb4 Nc6 12. Bc3 Bd4 13. Nf3 Bxc3 14. dxc3 b6 15.
Qe3 Rb8 16. Rd1 a5 17. b5 Nce7 18. Be2 Qc7 19. Ng5 Nh6 20. Bf3 Qc5 21. Qxc5
bxc5 22. Nxc8 Nxc8 23. Rxd7 Nb6 24. Nxe6+ Ke8 25. Rc7 1-0